02623nam a2200349 a 4500001001200000003000800012006001900020007001500039008004100054010001700095020003800112020003500150020002700185040002100212035002100233050002300254082001600277245013800293260005500431300002200486504005100508505128000559533015201839650002501991650002302016655002902039700002402068700002102092710001702113856012602130999001702256ebr10676259CaPaEBRm u cr cn|||||||||070806s2008 caua sb 001 0 eng d z 2007032379 z9780520253476 (case : alk. paper) z0520253477 (case : alk. paper) z9780520934313 (e-book) aCaPaEBRcCaPaEBR a(OCoLC)50201265614aQH546b.N38 2008eb04a576.8/222200aNatural securityh[electronic resource] :ba Darwinian approach to a dangerous world /cedited by Raphael D. Sagarin, Terence Taylor. aBerkeley :bUniversity of California Press,c2008. ax, 289 p. :bill. aIncludes bibliographical references and index.00gThetorigins of natural security /rRaphael D. Sagarin --tLiving with risk /rTerence Taylor --tSecurity, unpredictability, and evolution: policy and the history of life /rGeerat J. Vermeij --tFrom bacteria to belief: immunity and security /rLuis P. Villarreal --tCorporations and bureaucracies under a biological lens /rElizabeth M. Prescott --tSelection, security, and evolutionary international relations /rGregory P. Dietl --tMilitants and martyrs: evolutionary perspectives on religion and terrorism /rRichard Sosis, Candace S. Alcorta --tCauses of and solutions of Islamic fundamentalist terrorism /rBradley A. Thayer --gThetpower of moral belief /rScott Atran --tFourteen security lessons from antipredator behavior /rDaniel T. Blumstein --tPopulation models and counterinsurgency strategies /rDominic D. P. Johnson, Joshua S. Madin --gThetinfectiousness of terrorist ideology: insights from ecology and epidemiology /rKevin D. Lafferty, Katherine F. Smith, Elizabeth M. P. Madin --tParadigm shifts in security strategy: why does it take disasters to trigger change? /rDominic D. P. Johnson, Elizabeth M. P. Madin --tNetwork analysis links parts to the whole /rFerenc Jord�an --gAtholistic view of natural security /rRaphael D. Sagarin. aElectronic reproduction.bPalo Alto, Calif. :cebrary,d2013.nAvailable via World Wide Web.nAccess may be limited to ebrary affiliated libraries. 0aAdaptation (Biology) 0aNatural selection. 7aElectronic books.2local1 aSagarin, Raphael D.1 aTaylor, Terence.2 aebrary, Inc.40uhttp://site.ebrary.com/lib/rucke/Doc?id=10676259zAn electronic book accessible through the World Wide Web; click to view c58632d58632